| 000 | 00000nam 2200000zi 4500 |
| 001 | 9.867917 |
| 003 | CaOODSP |
| 005 | 20221107162436 |
| 006 | m o d f |
| 007 | cr ||||||||||| |
| 008 | 190201s1960 onc ot f|0| 0 eng d |
| 040 | |aCaOODSP|beng|erda|cCaOODSP |
| 043 | |an-cn--- |
| 086 | 1 |aM38-1/61-1960E-PDF |
| 100 | 1 |aZimmerman, J. B., |eauthor. |
| 245 | 10|aIsolation of the rare earths elements / |cby J. Bernard Zimmerman and John C. Ingles. |
| 264 | 1|aOttawa, Ontario : |bDepartment of Mines and Technical Surveys, |c1960. |
| 300 | |a1 online resource (8 pages) |
| 336 | |atext|btxt|2rdacontent |
| 337 | |acomputer|bc|2rdamedia |
| 338 | |aonline resource|bcr|2rdacarrier |
| 490 | 1 |aMines Branch Research Report ; |vR 61 |
| 500 | |a"Reprinted from Analytical Chemistry, Vol. 32, No. 2, February 1960." |
| 500 | |a"March 1960." |
| 504 | |aIncludes bibliographic references. |
| 692 | 07|2gccst|aChemicals |
| 692 | 07|2gccst|aMetals |
| 700 | 1 |aIngles, J. C., |eauthor. |
| 710 | 1 |aCanada. |bDepartment of Mines and Technical Surveys. |
| 710 | 1 |aCanada. |bMines Branch. |
| 830 | #0|aResearch report (Canada. Mines Branch)|vR 61.|w(CaOODSP)9.855660 |
| 856 | 40|qPDF|s1.85 MB|uhttps://publications.gc.ca/collections/collection_2019/rncan-nrcan/m38-1/M38-1-61-1960-eng.pdf |